000 00697nam a2200193 u 4500
003 AM-YeHGA
005 20250618071827.0
008 031030s1938 ||| r 000 0 arm d
040 _aAM-YeHGA
041 0 _aarm
100 1 _aՕշական, Հակոբ,
_d1883-1948
_94922
245 1 0 _aՍտեփաննոս Սիւնեցի :
_bՔնարախաղ միջին դարէն : 6 պատկեր /
_cՅակոբ Օշական.
260 _aՓարիզ :
_bԱրաքս,
_c1938.
300 _a128 էջ.
650 1 4 _aԱրևմտահայ գրականություն
856 4 _uhttps://arar.sci.am/dlibra/publication/296237/edition/271843/content
_yԿարդալ առցանց
942 _2udc
_cBK
090 _c102950
999 _c101632
_d101632